Professeurs de Poudlard - Statistiques

Statistiques générales
  • Ce quiz a été pris 93 fois
  • Le résultat moyen est 10 sur 13
Statistiques - réponses
Matières Professeurs % Correct
Défense contre les forces du mal Quirinus Quirell/ Gilderoy Lockhart/ Remus Lupin/ Alastor Maugrey/ Dolores Ombrage/ Severus Rogue/ Amycus Carrow
96%
Potions Severus Rogue/ Horace Slughorn
96%
Soins aux créatures magiques Rubeus Hagrid/ Wilhelmina Gobe-Planche
95%
Botanique Pomona Chourave
92%
Métamorphose Minerva McGonagall
88%
Sortilèges Filius Flitwick
84%
Vol Renée Bibine
84%
Divination Sibylle Trelawney/ Firenze
78%
Histoire de la magie Cuthbert Binns
62%
Etude des Moldus Charity Burbage
57%
Astronomie Aurora Sinistra
54%
Arithmancie Septima Vector
45%
Etude des Runes Bathsheda Babbling
23%
Aucun quiz correspondant
Distribution des résultats
% des personnes avec chaque résultat
Percentile par nombre de réponses
Votre historique - résultats
Vous n’avez pas pris ce quiz